Quản trị học : Bài tập - Nghiên cứu tình huống

Tallennettuna:
Bibliografiset tiedot
Päätekijä:  Bùi Văn Danh
Aineistotyyppi: Sách
Kieli:Undetermined
Julkaistu:  Lao động  2011
Aiheet:
Tagit: Lisää tagi
Ei tageja, Lisää ensimmäinen tagi!
Thư viện lưu trữ: Trung tâm Thư viện - Trường Đại học Công nghiệp TP. Hồ Chí Minh
LEADER 00511nam a2200157Ia 4500
001 UIH_04974
008 231011s9999 xx 000 0 und d
082 |a  658 
100 |a  Bùi Văn Danh 
245 0 |a  Quản trị học : Bài tập - Nghiên cứu tình huống 
245 0 |c  Bùi Văn Danh 
260 |b  Lao động 
260 |c  2011 
650 |a  Quản trị học;  
927 |a Sách 
980 |a Trung tâm Thư viện - Trường Đại học Công nghiệp TP. Hồ Chí Minh